Statistics for Modern-Day Countries of the Byzantine Empire with a Map

Click here to take the quiz!

General Stats

  • This quiz has been taken 5,304 times
    (5,102 since last reset)
  • The average score is 35 of 36

Answers on the Map

Answers color-coded by a green-red scale on the quiz's map according to % correct below.
 

Answer Stats

Countries% Correct
Italy
100%
Egypt
99%
Greece
99%
Spain
99%
Turkey
99%
Algeria
98%
Croatia
98%
France
98%
Israel
98%
Libya
98%
Morocco
98%
Tunisia
98%
Albania
97%
Bosnia and Herzegovina
97%
Bulgaria
97%
Cyprus
97%
Jordan
97%
Lebanon
97%
North Macedonia
97%
Serbia
97%
Switzerland
97%
Syria
97%
Iraq
96%
Kosovo
96%
Monaco
96%
Montenegro
96%
Romania
96%
Russia
96%
San Marino
96%
Saudi Arabia
96%
Slovenia
96%
Vatican City
96%
Georgia
94%
Portugal
94%
Ukraine
88%
Malta
83%

Score Distribution

Percentile by Number Answered

Percent of People with Each Score

Your Score History

You have not taken this quiz since the last reset